00818nam a2200181 450000100060000000300090000600500170001500700030003200800410003508000390007624502000011526000930031530000390040865000590044765500400050671000690054685200210061516922ES-MaACL20250815160327.0t|001122s19860000sp a ||||0| spa d a75.035(467.3):061.43(467.31)"1986"00aPintura valenciana del siglo XIX b: [exposición], Centro de Exposiciones y Congresos, Caja de Ahorros y Monte del Piedad de Zaragoza, Aragón y Rioja, del 7 de febrero al 25 de marzo de 1986. a[Zaragoza] : bCaja de Ahorros y Monte de Piedad de Zaragoza, Aragón y Rioja, c[1986] a51 p. : bil. col. y n. ; c30 cm. 4aPintura-zComunidad Valenciana- yS.XIX-vExposiciones 72tgfbneaCatálogos de exposiciones2 aCaja de Ahorros y Monte de Piedad de Zaragoza, Aragón y Rioja. aES-MaACLjG-2243